Lease renewals - 3rd Edition (sound recording). (Record no. 85256)

MARC details
000 -LEADER
fixed length control field 00749cgm a2200277 4500
001 - CONTROL NUMBER
control field J2762
008 - FIXED-LENGTH DATA ELEMENTS--GENERAL INFORMATION
fixed length control field 090401t1994 xxu||||| |||| 00| 0 eng d
035 ## - SYSTEM CONTROL NUMBER
System control number (Sirsi) u51082
041 ## - LANGUAGE CODE
Language code of text/sound track or separate title eng
050 ## - LIBRARY OF CONGRESS CALL NUMBER
Classification number 346.4104346
100 ## - MAIN ENTRY--PERSONAL NAME
Personal name Walker, Jane
245 ## - TITLE STATEMENT
Title Lease renewals - 3rd Edition (sound recording).
260 ## - PUBLICATION, DISTRIBUTION, ETC.
Place of publication, distribution, etc. London
Name of publisher, distributor, etc. RICS
Date of publication, distribution, etc. 1994
300 ## - PHYSICAL DESCRIPTION
Extent 1 sound cassette (60 min.)
350 ## - PRICE (NR) (BK AM CF MU VM SE) [OBSOLETE]
Price 13
490 ## - SERIES STATEMENT
Series statement Owlion Audio Programme
650 ## - SUBJECT ADDED ENTRY--TOPICAL TERM
Topical term or geographic name entry element AUDIO CASSETTES
650 ## - SUBJECT ADDED ENTRY--TOPICAL TERM
Topical term or geographic name entry element LEASE RENEWAL
650 ## - SUBJECT ADDED ENTRY--TOPICAL TERM
Topical term or geographic name entry element LEASES
690 ## - LOCAL SUBJECT ADDED ENTRY--TOPICAL TERM (OCLC, RLIN)
Topical term or geographic name as entry element Landlord and tenant
9 (RLIN) 6252
700 ## - ADDED ENTRY--PERSONAL NAME
Personal name Gillett, Alan
710 ## - ADDED ENTRY--CORPORATE NAME
Corporate name or jurisdiction name as entry element Royal Institution of Chartered Surveyors
9 (RLIN) 4900
710 ## - ADDED ENTRY--CORPORATE NAME
Corporate name or jurisdiction name as entry element College of Estate Management
9 (RLIN) 400
942 ## - ADDED ENTRY ELEMENTS (KOHA)
Suppress in OPAC 0
948 ## - LOCAL PROCESSING INFORMATION (OCLC); SERIES PART DESIGNATOR (RLIN)
c (OCLC) 04/03/1997
Holdings
Withdrawn status Lost status Source of classification or shelving scheme Damaged status Not for loan Home library Current library Shelving location Date acquired Total Checkouts Full call number Barcode Date last seen Date last checked out Copy number Price effective from Koha item type
    Dewey Decimal Classification     London London Basement 07/02/2002 15 SHELF 330 30060052 06/08/2019 12/01/2005 1 06/08/2019 Audio